Sanat - "Tule rakkaus ihmisrintaan" - Statistics

Yleistilastot
  • Tätä visaa on pelattu 6 kertaa
  • Keskiarvotulos 16 / 33
Vastaustilastot
Vastaus % Oikein
rakkaus
100%
rakkaus
100%
Tule
83%
Tule
83%
tule
83%
ihmisrintaan
67%
ihmisrintaan
67%
antavi
50%
elo
50%
kaunehintaan
50%
kotis
50%
oikea
50%
onhan
50%
se
50%
vain
50%
joulun
33%
kanssasi
33%
laatuisintaan
33%
laatuisintaan
33%
lahjana
33%
laulavi
33%
laulavi
33%
laulua
33%
laulua
33%
matkallain
33%
niin
33%
niin
33%
sinun
33%
sydän
33%
sydän
33%
sykkäissään
33%
sykkäissään
33%
tään
33%
Ehtoja vastaavia visoja ei löytynyt
Tulosjakauma
Jokaisen tuloksen saaneiden osuus
Persentiili vastausten määrän mukaan
Tuloshistoriasi
Et ole pelannut tätä visaa